| 000 | 00915nam a2200253 a 4500 | ||
|---|---|---|---|
| 001 | 000016481 | ||
| 005 | 20250509140829.0 | ||
| 008 | 100305s1994 dr a 001 0 spa d | ||
| 040 |
_aDO-SdBNP _bspa _cBNPHU |
||
| 082 |
_a371.1 _bJ61a |
||
| 100 | 1 |
_aJiménez Victorio, Elida _936429 |
|
| 245 | 1 | 0 |
_aAndamios para el aprendizaje / _cElida Jiménez Victorio, Aleyda Montes de Oca ; ilustración Katija Karina Félix Monte de Oca. |
| 260 |
_aSanto Domingo : _bUASD, _c1994. |
||
| 300 |
_a194 p. : _bil. ; _c27 cm. |
||
| 490 | 1 | _aMaterial didácticos | |
| 504 | _aIncluye bibliografía (p. 193) | ||
| 650 | 4 |
_aMateriales de enseñanza _936366 |
|
| 650 | 0 |
_aTecnología educativa _918772 |
|
| 700 | 1 |
_aMontes de Oca, Aleyda _936707 |
|
| 700 | 1 |
_aFélix Monte de Oca, Katija Karina _eil. _936708 |
|
| 710 | 1 |
_aUniversidad Autónoma de Santo Domingo _972951 |
|
| 830 | 0 |
_aMaterial didácticos _936709 |
|
| 049 | _aBNPD | ||
| 999 |
_c16016 _d16016 |
||